Chanteur.euse.s français.e.s LGBTQIA+ - Statistiques

Statistiques générales
  • Ce quiz a été pris 206 fois
  • Le résultat moyen est 8 sur 12
Statistiques - réponses
Par images Réponse % Correct
Angèle
96%
Hoshi
89%
Mika
88%
Bilal Hassani
84%
Pomme
84%
Eddy de Pretto
83%
Christine and the Queens / Redcar
71%
Théodora
54%
Dave
51%
Suzane
38%
Etienne Daho
25%
Catherine Lara
20%
Aucun quiz correspondant
Distribution des résultats
% des personnes avec chaque résultat
Percentile par nombre de réponses
Votre historique - résultats
Vous n’avez pas pris ce quiz